000
00292nam a22001097a 4500
008
160507b xxu||||| |||| 00| 0 eng d
020
_a
0721623026
041
_a
eng
080
_a
61
245
_a
Pathologic basis of disease:
_c
Ramzi S. Cotran; Vinay Kumar; Stanley L. Robbins;
942
_2
udc
_c
BK
999
_c
1879
_d
1879